[Event "DVM U14 2014"]
[Site "Regensburg GER"]
[Date "2014.12.30"]
[Round "7"]
[White "Kirsten, Annika"]
[Black "Greitmann, Niklas"]
[Result "0-1"]
[Termination "normal"]
[Board "4.4"]
[WhiteElo "1428"]
[BlackElo "1123"]
[WhiteTeam "SG Aufbau Elbe Magdeburg"]
[BlackTeam "SK Bebenhausen"]
[PlyCount "148"]
[WhiteFideId "12961124"]
[BlackFideId "16200705"]
[EventCountry "GER"]
[EventRounds "7"]
[EventType "team-swiss"]
[EventDate "2014.12.26"]

1. e4 c5 2. Nf3 Nc6 3. d4 cxd4 4. Nxd4 g6 5. Nc3 Bg7 6. Be3 Nf6 7. Bc4 O-O 8.
Bb3 d6 9. f3 Bd7 10. Qd2 a5 11. a4 Ne8 12. O-O Nc7 13. Rab1 Nxd4 14. Bxd4 b5
15. Bb6 Qb8 16. Bxc7 Qxc7 17. Nxb5 Bxb5 18. axb5 Qc5+ 19. Kh1 Qxb5 20. Qf2 Qc5
21. Qe2 Rfc8 22. Ba4 Qc4 23. Qxc4 Rxc4 24. Bb3 Rb4 25. Ra1 Bxb2 26. Ra2 Bf6 27.
Rb1 Kg7 28. f4 Rxe4 29. Bd5 Rb8 30. Rf1 Rxf4 31. Bf3 Ra8 32. g3 Rf5 33. Bxa8
Rxf1+ 34. Kg2 Rf5 35. Be4 Re5 36. Kf3 h6 37. Bd3 Rc5 38. Ke2 Bc3 39. Ra3 Bb4
40. Ra2 Rc3 41. Rb2 Bc5 42. Rb5 a4 43. Kd2 Ra3 44. Ke2 Ra1 45. Ra5 a3 46. Bc4
Rh1 47. h4 Rh2+ 48. Kd3 Rg2 49. Ke4 Rxg3 50. Bb3 Rg4+ 51. Kf3 Rxh4 52. Kg3 Rh5
53. Ra4 Rg5+ 54. Kh4 Kf6 55. Rf4+ Rf5 56. Re4 g5+ 57. Kh5 Rf4 58. Rxf4+ gxf4
59. Kg4 Ke5 60. Kf3 h5 61. c3 h4 62. Kg4 Bf2 63. Kh3 Bg3 64. c4 Kd4 65. Ba2 e5
66. c5 dxc5 67. Bxf7 c4 68. Bxc4 Kxc4 69. Kg4 a2 70. Kf5 a1=Q 71. Kg4 Qd1+ 72.
Kh3 f3 73. Kg4 f2+ 74. Kh3 f1=B# 0-1

[Event "DVM U14 2014"]
[Site "Regensburg GER"]
[Date "2014.12.30"]
[Round "7"]
[White "Färber, David"]
[Black "Killgus, Leonard"]
[Result "1/2-1/2"]
[Termination "normal"]
[Board "5.1"]
[WhiteElo "1770"]
[BlackElo "1724"]
[WhiteTeam "SV 1947 Walldorf"]
[BlackTeam "SK Johanneum Eppendorf"]
[PlyCount "57"]
[WhiteFideId "12971294"]
[BlackFideId "12922021"]
[EventCountry "GER"]
[EventRounds "7"]
[EventType "team-swiss"]
[EventDate "2014.12.26"]

1. e4 c5 2. Nf3 e6 3. d3 d5 4. Nbd2 Nc6 5. g3 Nf6 6. Bg2 Be7 7. O-O Qc7 8. Re1
O-O 9. Qe2 d4 10. e5 Nd5 11. h4 Re8 12. Nf1 b5 13. N1h2 Bb7 14. Bg5 h6 15. Bxe7
Ncxe7 16. Qd2 Red8 17. g4 h5 18. Qg5 hxg4 19. Nxg4 Nf5 20. Nf6+ Kf8 21. Ne4
Rac8 22. Bh3 Nde7 23. Qh5 Bxe4 24. dxe4 Nh6 25. Ng5 Kg8 26. f4 Qd7 27. Rad1 c4
28. Rd2 c3 29. bxc3 1/2-1/2

[Event "DVM U14 2014"]
[Site "Regensburg GER"]
[Date "2014.12.30"]
[Round "7"]
[White "Keyser, Robin"]
[Black "Hartmann, Cora"]
[Result "0-1"]
[Termination "normal"]
[Board "5.2"]
[WhiteElo "1752"]
[BlackElo "1484"]
[WhiteTeam "SK Johanneum Eppendorf"]
[BlackTeam "SV 1947 Walldorf"]
[PlyCount "66"]
[WhiteFideId "12986429"]
[BlackFideId "16200764"]
[EventCountry "GER"]
[EventRounds "7"]
[EventType "team-swiss"]
[EventDate "2014.12.26"]

1. d4 {[%emt 0:00:00]} d5 2. Nf3 Nf6 3. c4 c6 4. g3 dxc4 5. Bg2 Bf5 6. O-O Nbd7
7. Nbd2 Nb6 8. Re1 e6 9. e4 Bg6 10. e5 Nfd5 11. Ne4 Be7 12. a4 a5 13. Bf1 O-O
14. Nfd2 Bb4 15. Qc2 c3 16. bxc3 Nxc3 17. Bd3 Qxd4 18. Bb2 Rfd8 19. Bf1 Nxe4
20. Bxd4 Nxd2 21. Qb2 Rxd4 22. Rad1 Bh5 23. Qxd4 Nf3+ 24. Kh1 Nxd4 25. Ra1 Rd8
26. Ra2 Nd5 27. Rc1 Bf3+ 28. Bg2 Bxg2+ 29. Kxg2 Ne2 30. Rxe2 Nc3 31. Re3 Nxa4
32. f4 Bd2 33. Rd1 Nb2 0-1

[Event "DVM U14 2014"]
[Site "Regensburg GER"]
[Date "2014.12.30"]
[Round "7"]
[White "Baureis, Julian"]
[Black "Keyser, Philipp"]
[Result "1/2-1/2"]
[Termination "normal"]
[Board "5.3"]
[WhiteElo "1358"]
[BlackElo "1643"]
[WhiteTeam "SV 1947 Walldorf"]
[BlackTeam "SK Johanneum Eppendorf"]
[PlyCount "81"]
[WhiteFideId "12991112"]
[BlackFideId "12986437"]
[EventCountry "GER"]
[EventRounds "7"]
[EventType "team-swiss"]
[EventDate "2014.12.26"]

1. d4 Nf6 2. Nf3 g6 3. c4 Bg7 4. Nc3 O-O 5. e4 d6 6. Be2 e5 7. O-O Nc6 8. d5
Ne7 9. Be3 Ng4 10. Bg5 h6 11. Bh4 f5 12. h3 Nf6 13. Nd2 f4 14. Bxf6 Rxf6 15.
Bf3 Bd7 16. Rc1 Bf8 17. Qe2 Rf7 18. Kh2 Rh7 19. a3 a5 20. Nb3 a4 21. Na1 h5 22.
g3 fxg3+ 23. fxg3 Qc8 24. Bg2 g5 25. Nc2 h4 26. g4 Ng6 27. Rf2 Nf4 28. Qd1 Rf7
29. Ne2 Nxg2 30. Rxg2 Rf3 31. Qd2 Be7 32. Ng1 Rf4 33. Qe3 Qf8 34. Ne2 Rf3 35.
Qg1 Qf7 36. Ne3 Rf8 37. Nf5 Bxf5 38. gxf5 Kh8 39. Rc3 Qh5 40. Rg4 Rxc3 41. Nxc3
1/2-1/2

[Event "DVM U14 2014"]
[Site "Regensburg GER"]
[Date "2014.12.30"]
[Round "7"]
[White "Palzer, Luca"]
[Black "Zwecker, Conrad"]
[Result "1/2-1/2"]
[Termination "normal"]
[Board "5.4"]
[WhiteElo "1276"]
[BlackElo "1271"]
[WhiteTeam "SK Johanneum Eppendorf"]
[BlackTeam "SV 1947 Walldorf"]
[PlyCount "80"]
[WhiteFideId "16200683"]
[BlackFideId "12971391"]
[EventCountry "GER"]
[EventRounds "7"]
[EventType "team-swiss"]
[EventDate "2014.12.26"]

1. e4 e5 2. Nf3 Nc6 3. Bb5 Bc5 4. d3 Nf6 5. Be3 Bxe3 6. fxe3 d6 7. c3 Bd7 8.
Ba4 Ng4 9. Qe2 f5 10. Nbd2 Qe7 11. O-O O-O-O 12. exf5 Qe8 13. e4 g6 14. Nh4
gxf5 15. Nxf5 Rg8 16. h3 Nf6 17. Bb3 Rg6 18. Rf2 Ne7 19. Nxe7+ Qxe7 20. Kf1 Rg5
21. Ke1 Nh5 22. Kd1 Nf4 23. Qf1 Qg7 24. Kc2 Nxg2 25. Rf3 Rg3 26. Rxg3 Qxg3 27.
Qf3 Ne3+ 28. Kc1 Qxh3 29. Qxh3 Bxh3 30. Nc4 Nxc4 31. Bxc4 Rf8 32. Kc2 h5 33.
Rh1 Bg4 34. Rh2 Kd7 35. Kd2 c6 36. Bb3 Ke7 37. Bd1 a5 38. Bxg4 hxg4 39. Rg2 Rf4
40. Ke3 Kf6 1/2-1/2

[Event "DVM U14 2014"]
[Site "Regensburg GER"]
[Date "2014.12.30"]
[Round "7"]
[White "Herrmann, Luca"]
[Black "Roos, Jonas"]
[Result "1/2-1/2"]
[Termination "normal"]
[Board "6.1"]
[WhiteElo "1554"]
[BlackElo "1736"]
[WhiteTeam "SC Tarrasch München"]
[BlackTeam "SC Porta Westfalica"]
[PlyCount "50"]
[WhiteFideId "2811834"]
[BlackFideId "16200721"]
[EventCountry "GER"]
[EventRounds "7"]
[EventType "team-swiss"]
[EventDate "2014.12.26"]

1. d4 Nf6 2. c4 e5 3. dxe5 Ng4 4. Nf3 Bc5 5. e3 Nc6 6. Be2 O-O 7. O-O Re8 8. b3
Ngxe5 9. Bb2 d6 10. Nc3 Nxf3+ 11. Bxf3 Ne5 12. Nd5 Nxf3+ 13. Qxf3 Re6 14. Rfd1
a5 15. Nf4 Rh6 16. Rd5 Qh4 17. Rh5 Rxh5 18. Nxh5 f6 19. Qd5+ Kf8 20. g3 Qg4 21.
Nf4 c6 22. Qd1 a4 23. Qxg4 Bxg4 24. Kg2 a3 25. Bc3 Bb6 1/2-1/2

[Event "DVM U14 2014"]
[Site "Regensburg GER"]
[Date "2014.12.30"]
[Round "7"]
[White "Joebges, Nico"]
[Black "Liebelt, Jonas"]
[Result "1-0"]
[Termination "normal"]
[Board "6.3"]
[WhiteElo "1573"]
[BlackElo "1326"]
[WhiteTeam "SC Tarrasch München"]
[BlackTeam "SC Porta Westfalica"]
[PlyCount "145"]
[WhiteFideId "12992291"]
[BlackFideId "16200748"]
[EventCountry "GER"]
[EventRounds "7"]
[EventType "team-swiss"]
[EventDate "2014.12.26"]

1. e4 c5 2. Nf3 Nc6 3. Bb5 g6 4. O-O Bg7 5. c3 e6 6. d3 Nge7 7. Be3 d6 8. Nbd2
O-O 9. Bxc6 Nxc6 10. Qc2 Bd7 11. Rfe1 Qc7 12. Rac1 Rac8 13. Bf4 Rfd8 14. Nb3
Be8 15. Nxc5 Qb6 16. Nb3 Na5 17. Nxa5 Qxa5 18. Qd2 a6 19. Ra1 b5 20. Be3 Rd7
21. Bd4 Bf8 22. Qe3 Qc7 23. Qd2 Re7 24. Bf6 Rd7 25. Rad1 Be7 26. Bxe7 Rxe7 27.
Re3 b4 28. Ree1 bxc3 29. Qxc3 Qxc3 30. bxc3 Rb7 31. Re2 Bb5 32. Rb2 Rbc7 33. c4
Bd7 34. Rb6 Rc6 35. Rxc6 Rxc6 36. Rb1 a5 37. Rb7 Be8 38. Kf1 h6 39. Ra7 Rc5 40.
Ke2 a4 41. a3 Rc8 42. Rb7 Kg7 43. Nd4 Kf6 44. Nb5 Ke5 45. Ke3 Bxb5 46. Rxb5+
Kf6 47. Ra5 Ke7 48. Rxa4 Kd8 49. Ra7 Ke8 50. a4 Rb8 51. Ra5 Kd8 52. Rb5 Ra8 53.
a5 Kc7 54. e5 Ra6 55. exd6+ Rxd6 56. Rb2 Ra6 57. Ra2 Kc6 58. Kd4 f6 59. f4 Kd6
60. c5+ Kc6 61. Kc4 h5 62. d4 h4 63. Re2 Kd7 64. Kb5 Ra8 65. a6 Rb8+ 66. Kc4
Ra8 67. Ra2 Kc6 68. a7 Kc7 69. Kb5 Kb7 70. Ra6 Rd8 71. a8=Q+ Rxa8 72. Rxa8 Kxa8
73. Kc6 1-0

[Event "DVM U14 2014"]
[Site "Regensburg GER"]
[Date "2014.12.30"]
[Round "7"]
[White "Götz, Michael"]
[Black "Joebges, Julia"]
[Result "1-0"]
[Termination "normal"]
[Board "6.4"]
[WhiteElo "1314"]
[BlackElo "1582"]
[WhiteTeam "SC Porta Westfalica"]
[BlackTeam "SC Tarrasch München"]
[PlyCount "76"]
[WhiteFideId "16200756"]
[BlackFideId "12983446"]
[EventCountry "GER"]
[EventRounds "7"]
[EventType "team-swiss"]
[EventDate "2014.12.26"]

1. d4 d5 2. c4 e6 3. Nc3 Be7 4. cxd5 exd5 5. Qc2 Nf6 6. Bg5 O-O 7. e3 c6 8. Bd3
h6 9. Bh4 Be6 10. Nf3 Nbd7 11. O-O Re8 12. Rab1 Qa5 13. a3 Rac8 14. b4 Qxa3 15.
Rb3 Qxb4 16. Rxb4 Bxb4 17. Rb1 Bxc3 18. Qxc3 Nb6 19. Ra1 Ra8 20. Bc2 Nfd7 21.
Qd3 g6 22. Ne5 Nxe5 23. dxe5 Bf5 24. Qc3 Bxc2 25. Qxc2 Rxe5 26. Bf6 Re6 27. Qc3
h5 28. Bd4 Ree8 29. Rb1 Na4 30. Qa1 b5 31. Rc1 Rec8 32. Bh8 Kf8 33. Bg7+ Kg8
34. Bh6 f6 35. Qxf6 Rc7 36. Qxg6+ Kh8 37. Bg5 Rg8 38. Bf6+ Rgg7 1-0

[Event "DVM U14 2014"]
[Site "Regensburg GER"]
[Date "2014.12.30"]
[Round "7"]
[White "Fuhrmann, Michel"]
[Black "Tong, Kevin"]
[Result "1/2-1/2"]
[Termination "normal"]
[Board "7.1"]
[WhiteElo "1583"]
[BlackElo "1857"]
[WhiteTeam "Frankfurter TV 1860"]
[BlackTeam "SC Erlangen"]
[PlyCount "74"]
[WhiteFideId "12963887"]
[BlackFideId "12913944"]
[EventCountry "GER"]
[EventRounds "7"]
[EventType "team-swiss"]
[EventDate "2014.12.26"]

1. e4 c5 2. Nf3 Nc6 3. d4 cxd4 4. Nxd4 g6 5. Nc3 Bg7 6. Be3 Nf6 7. Be2 O-O 8.
Qd2 d5 9. Nxc6 bxc6 10. exd5 cxd5 11. O-O Bb7 12. Bh6 d4 13. Bxg7 Kxg7 14. Nd1
e5 15. c3 Qd5 16. f3 Rac8 17. cxd4 exd4 18. Nf2 Rfe8 19. Bd3 Qd7 20. Rfe1 Nd5
21. Be4 Nf6 22. Bxb7 Qxb7 23. Rxe8 Rxe8 24. Qxd4 Re2 25. b3 Qb6 26. Qxb6 axb6
27. Kf1 Rc2 28. Ng4 Nxg4 29. fxg4 Rb2 30. h3 Kf6 31. Kg1 Kg5 32. Kh2 h5 33.
gxh5 Kxh5 34. Kg3 f5 35. Kf3 Kg5 36. g3 Kh5 37. h4 g5 1/2-1/2

[Event "DVM U14 2014"]
[Site "Regensburg GER"]
[Date "2014.12.30"]
[Round "7"]
[White "Haas, Maximilian"]
[Black "Walk, Maximilian"]
[Result "1-0"]
[Termination "normal"]
[Board "7.2"]
[WhiteElo "1708"]
[BlackElo "1413"]
[WhiteTeam "SC Erlangen"]
[BlackTeam "Frankfurter TV 1860"]
[PlyCount "71"]
[WhiteFideId "12959219"]
[BlackFideId "16200810"]
[EventCountry "GER"]
[EventRounds "7"]
[EventType "team-swiss"]
[EventDate "2014.12.26"]

1. e4 e5 2. Nf3 Nc6 3. d4 exd4 4. c3 dxc3 5. Bc4 Bc5 6. Bxf7+ Kxf7 7. Qd5+ Kf8
8. Qxc5+ d6 9. Qxc3 Qf6 10. Bg5 Qg6 11. Nbd2 Nge7 12. O-O-O Be6 13. h4 h6 14.
h5 Qf7 15. Bxe7+ Qxe7 16. Nh4 Kg8 17. Ng6 Qf7 18. Nxh8 Kxh8 19. f3 a5 20. a3 a4
21. g4 Ra5 22. Kb1 Rc5 23. Qe3 Qf6 24. Rc1 Rb5 25. Qc3 Nd4 26. Rh2 Rc5 27. Qe3
Ba2+ 28. Kxa2 Rxc1 29. Nb1 Qf7+ 30. b3 axb3+ 31. Kb2 Qc4 32. Qxc1 Nc2 33. Qd2
Qc5 34. Qc3 Qg1 35. Rd2 Qb6 36. Qxb3 1-0

[Event "DVM U14 2014"]
[Site "Regensburg GER"]
[Date "2014.12.30"]
[Round "7"]
[White "Tessier, Leo"]
[Black "Tschammer, Kai"]
[Result "1/2-1/2"]
[Termination "normal"]
[Board "7.3"]
[WhiteElo "1346"]
[BlackElo "1637"]
[WhiteTeam "Frankfurter TV 1860"]
[BlackTeam "SC Erlangen"]
[PlyCount "83"]
[WhiteFideId "36034487"]
[BlackFideId "12939099"]
[EventCountry "GER"]
[EventRounds "7"]
[EventType "team-swiss"]
[EventDate "2014.12.26"]

1. e4 e5 2. Nf3 Nc6 3. Bc4 Nf6 4. d3 Be7 5. Nc3 d6 6. Be3 O-O 7. O-O Na5 8. Bb3
c6 9. d4 Nd7 10. Qd3 Nxb3 11. axb3 exd4 12. Bxd4 c5 13. Be3 Qe8 14. Nd5 Qd8 15.
Nd2 Ne5 16. Qe2 f5 17. f4 Ng6 18. Qc4 Kh8 19. Qe2 fxe4 20. Nxe4 Be6 21. Nec3
Rf5 22. Qd3 Bf8 23. b4 Ne7 24. Nxe7 Qxe7 25. bxc5 dxc5 26. Rfe1 Rh5 27. Bf2 Qf6
28. Ne4 Qh6 29. Bg3 Bf5 30. Qb3 Qc6 31. Ng5 Bg6 32. Nf7+ Bxf7 33. Qxf7 Rd5 34.
Rxa7 Rd7 35. Qa2 Rad8 36. Ra8 Rd2 37. Bf2 Qd7 38. h3 Rd1 39. Kh2 Rxe1 40. Bxe1
Bd6 41. Bg3 h6 42. Rxd8+ 1/2-1/2

[Event "DVM U14 2014"]
[Site "Regensburg GER"]
[Date "2014.12.30"]
[Round "7"]
[White "Buzatu, Alexander"]
[Black "Stankoski, Aleksandr"]
[Result "1-0"]
[Termination "normal"]
[Board "7.4"]
[WhiteElo "1428"]
[BlackElo "1197"]
[WhiteTeam "SC Erlangen"]
[BlackTeam "Frankfurter TV 1860"]
[PlyCount "97"]
[WhiteFideId "12983560"]
[BlackFideId "16200829"]
[EventCountry "GER"]
[EventRounds "7"]
[EventType "team-swiss"]
[EventDate "2014.12.26"]

1. e4 e5 2. Nf3 Nc6 3. Bc4 Bc5 4. O-O Nf6 5. d4 Bxd4 6. Nxd4 Nxd4 7. Bg5 d6 8.
f4 Qe7 9. Nc3 c6 10. fxe5 Qxe5 11. Bf4 Qc5 12. Bxf7+ Kxf7 13. Be3 Ke7 14. Bxd4
Qb4 15. a3 Qa5 16. Qe1 Qg5 17. e5 dxe5 18. Bxe5 Kf7 19. Bxf6 gxf6 20. Ne4 Qe5
21. Nxf6 Qxe1 22. Raxe1 Kg6 23. c3 Rf8 24. Ne4 Bf5 25. Nd6 b6 26. Nxf5 Rxf5 27.
Re6+ Kg5 28. Rxf5+ Kxf5 29. Rxc6 h5 30. Rd6 Re8 31. Kf2 Re5 32. b4 Re4 33. Rd5+
Kg6 34. Rd4 Re5 35. g3 Rf5+ 36. Rf4 Rd5 37. Ke2 Kg5 38. Re4 Kf5 39. Rf4+ Kg5
40. Re4 a5 41. c4 Rf5 42. h4+ Kf6 43. Rf4 Rxf4 44. gxf4 Kf5 45. bxa5 bxa5 46.
Kf3 Ke6 47. Ke4 a4 48. f5+ Kd6 49. c5+ 1-0

[Event "DVM U14 2014"]
[Site "Regensburg GER"]
[Date "2014.12.30"]
[Round "7"]
[White "Nicklaus, Timm"]
[Black "Dalchow, Jonas"]
[Result "0-1"]
[Termination "normal"]
[Board "8.1"]
[WhiteElo "1522"]
[BlackElo "1429"]
[WhiteTeam "SK König Plauen"]
[BlackTeam "SC 1997 Lambsheim"]
[PlyCount "124"]
[WhiteFideId "12957143"]
[BlackFideId "12971251"]
[EventCountry "GER"]
[EventRounds "7"]
[EventType "team-swiss"]
[EventDate "2014.12.26"]

1. e4 c6 2. d4 d5 3. exd5 cxd5 4. c4 Nf6 5. Nc3 e6 6. a3 Nc6 7. Nf3 Be7 8. Bd3
O-O 9. O-O b6 10. Bf4 Bb7 11. Rc1 Rc8 12. Ne2 Qd7 13. b4 dxc4 14. Bxc4 Nd5 15.
Bg3 Rfd8 16. Bb5 a6 17. Ne5 Qe8 18. Bxc6 Bxc6 19. Nxc6 Rxc6 20. Qd3 a5 21. b5 {
(=)} Rxc1 22. Rxc1 Rc8 23. Rd1 Qd7 24. a4 Bd6 25. Be5 f6 26. Bxd6 Qxd6 27. Qd2
Rc4 28. Rc1 Qb4 29. Qxb4 Rxb4 30. Ra1 Rc4 31. g3 Kf7 32. Kg2 Kg6 33. Kf3 Kf5
34. g4+ Kg5 35. Kg3 Rc2 36. h4+ Kg6 37. Ng1 Rc3+ 38. Nf3 h5 39. gxh5+ Kxh5 40.
Re1 Nc7 41. Re4 Rc4 42. Rg4 g6 43. Re4 Rxa4 44. Re3 Rb4 45. Rc3 Nxb5 46. Rc8
Kh6 47. Rd8 Nc7 48. Rd7 Rc4 49. Nd2 Rc3+ 50. Kg2 b5 51. Ne4 Rc2 52. Nxf6 g5 53.
h5 g4 54. Rh7+ Kg5 55. Ne4+ Kf5 56. Nc5 Ne8 57. Re7 {(=)} Nf6 58. h6 Kg6 59.
Rxe6 Kf7 60. Re5 Nh7 61. Re6 Rxc5 62. dxc5 Kxe6 0-1

[Event "DVM U14 2014"]
[Site "Regensburg GER"]
[Date "2014.12.30"]
[Round "7"]
[White "Mühlpfordt, Thomas"]
[Black "Linnert, Niklas"]
[Result "0-1"]
[Termination "normal"]
[Board "8.2"]
[WhiteElo "1504"]
[BlackElo "1541"]
[WhiteTeam "SC 1997 Lambsheim"]
[BlackTeam "SK König Plauen"]
[PlyCount "88"]
[WhiteFideId "12986623"]
[BlackFideId "12974781"]
[EventCountry "GER"]
[EventRounds "7"]
[EventType "team-swiss"]
[EventDate "2014.12.26"]

1. e4 c5 2. Nf3 e6 3. d4 cxd4 4. Nxd4 Nf6 5. Nc3 a6 6. e5 Ng8 7. Bf4 Qb6 8. Nb3
Nc6 9. Bd3 Qc7 10. O-O Nxe5 11. Re1 d6 12. Qe2 Nxd3 13. cxd3 Be7 14. Rac1 Qd8
15. Ne4 Nf6 16. Nbd2 O-O 17. Qf3 e5 18. Bg3 Kh8 19. h3 Be6 20. b3 b5 21. Nxf6
Bxf6 22. Ne4 Be7 23. Rcd1 Qd7 24. d4 f5 25. Nc3 e4 26. Qe3 d5 27. Ne2 Rac8 28.
Be5 Bf6 29. Bxf6 Rxf6 30. Rc1 Rcf8 31. g3 f4 32. Nxf4 Bxh3 33. Rc5 Be6 34. Kf1
g5 35. Nxe6 Rxf2+ 36. Kg1 Qxe6 37. Qxg5 R2f5 38. Qh4 Qf7 39. Qh3 Qg7 40. Rc2
Qxd4+ 41. Kh1 Qd3 42. Rce2 Qf3+ 43. Kg1 Rg8 44. Kh2 Rh5 0-1

[Event "DVM U14 2014"]
[Site "Regensburg GER"]
[Date "2014.12.30"]
[Round "7"]
[White "Nguyen Dang, Lukas"]
[Black "Wacker, Andreas"]
[Result "1-0"]
[Termination "normal"]
[Board "8.3"]
[WhiteElo "1582"]
[BlackElo "1564"]
[WhiteTeam "SK König Plauen"]
[BlackTeam "SC 1997 Lambsheim"]
[PlyCount "63"]
[WhiteFideId "12957135"]
[BlackFideId "12953083"]
[EventCountry "GER"]
[EventRounds "7"]
[EventType "team-swiss"]
[EventDate "2014.12.26"]

1. e4 c6 2. d4 d5 3. e5 Bf5 4. Bd3 Bxd3 5. Qxd3 e6 6. Be3 Qb6 7. Nc3 Nd7 8.
Nge2 c5 9. Qb5 c4 10. O-O Qc7 11. Qa4 a6 12. b3 cxb3 13. cxb3 Qb8 14. b4 b5 15.
Qb3 Ne7 16. Nf4 Ng6 17. Nce2 Be7 18. Nxg6 hxg6 19. Nf4 Nb6 20. Nd3 Nc4 21. a4
O-O 22. a5 Qd8 23. Rac1 Bg5 24. Bxg5 Qxg5 25. f4 Qe7 26. Rf2 Qa7 27. Nc5 Rfe8
28. Rc3 Kf8 29. Rh3 Ke7 30. Rh7 Rh8 31. Qh3 Qb8 32. Qh4+ 1-0

[Event "DVM U14 2014"]
[Site "Regensburg GER"]
[Date "2014.12.30"]
[Round "7"]
[White "Qiu, Oliver"]
[Black "Stirner, Christof"]
[Result "1-0"]
[Termination "normal"]
[Board "9.1"]
[WhiteElo "1405"]
[BlackElo "1404"]
[WhiteTeam "Gütersloher SV"]
[BlackTeam "SR Spaichingen"]
[PlyCount "63"]
[WhiteFideId "16200713"]
[BlackFideId "16200837"]
[EventCountry "GER"]
[EventRounds "7"]
[EventType "team-swiss"]
[EventDate "2014.12.26"]

1. e4 e5 2. Nf3 Nf6 3. Nc3 Nc6 4. Bc4 Bc5 5. O-O d6 6. h3 Be6 7. Bb3 Qd7 8. d3
h6 9. Be3 Bb6 10. d4 Nxd4 11. Nxd4 exd4 12. Bxe6 fxe6 13. Bxd4 e5 14. Bxb6 axb6
15. Qd3 O-O 16. f4 exf4 17. Rxf4 Rf7 18. Raf1 Raf8 19. Nd5 Nh5 20. Rxf7 Rxf7
21. g4 Nf6 22. Nxf6+ Rxf6 23. Rxf6 gxf6 24. Qd5+ Qf7 25. Qxb7 Qc4 26. Qd5+ Qxd5
27. exd5 f5 28. Kf2 Kf7 29. Kf3 Kf6 30. Kf4 fxg4 31. hxg4 Kg6 32. a4 1-0

[Event "DVM U14 2014"]
[Site "Regensburg GER"]
[Date "2014.12.30"]
[Round "7"]
[White "Klein, Sebastian"]
[Black "Kandler, Philipp"]
[Result "1/2-1/2"]
[Termination "normal"]
[Board "9.2"]
[WhiteElo "1303"]
[BlackElo "1353"]
[WhiteTeam "SR Spaichingen"]
[BlackTeam "Gütersloher SV"]
[PlyCount "50"]
[WhiteFideId "16200845"]
[BlackFideId "16200772"]
[EventCountry "GER"]
[EventRounds "7"]
[EventType "team-swiss"]
[EventDate "2014.12.26"]

1. c4 e5 2. Nc3 Nf6 3. g3 c5 4. Bg2 d6 5. d3 Nc6 6. Nf3 Be7 7. O-O O-O 8. b3
Rb8 9. Ng5 Bf5 10. Nge4 Nxe4 11. Bxe4 Bxe4 12. Nxe4 f5 13. Nc3 Bg5 14. f4 exf4
15. Bxf4 Bf6 16. Rc1 Bd4+ 17. Kg2 Ne5 18. Bxe5 Bxe5 19. e3 Qg5 20. Nd5 h5 21.
d4 Bf6 22. Nf4 Rbe8 23. h4 Qh6 24. Qf3 Re4 25. Rce1 cxd4 1/2-1/2

[Event "DVM U14 2014"]
[Site "Regensburg GER"]
[Date "2014.12.30"]
[Round "7"]
[White "Fortenbacher, Dominic"]
[Black "Molitor, Marwin"]
[Result "1-0"]
[Termination "normal"]
[Board "9.3"]
[WhiteElo "1484"]
[BlackElo "1175"]
[WhiteTeam "Gütersloher SV"]
[BlackTeam "SR Spaichingen"]
[PlyCount "83"]
[WhiteFideId "16200780"]
[BlackFideId "16200853"]
[EventCountry "GER"]
[EventRounds "7"]
[EventType "team-swiss"]
[EventDate "2014.12.26"]

1. e4 e5 2. Nf3 Nc6 3. Bc4 Bc5 4. Nc3 Nf6 5. d3 d6 6. h3 h6 7. Be3 Bb6 8. Qd2
Be6 9. Bxe6 fxe6 10. a3 Qd7 11. O-O-O O-O-O 12. Bxb6 cxb6 13. Rhe1 Rhe8 14. d4
exd4 15. Nxd4 Nxd4 16. Qxd4 e5 17. Qd3 Kb8 18. Qe2 Qc6 19. Rd3 Rd7 20. Red1
Red8 21. g4 a6 22. f3 g5 23. Na2 Qc4 24. Nc3 d5 25. exd5 Nxd5 26. Qxe5+ Ka7 27.
Rxd5 Rxd5 28. Rxd5 Rxd5 29. Nxd5 Qf1+ 30. Kd2 Qxf3 31. Qe6 Qf2+ 32. Kd3 Qc5 33.
Ne7 a5 34. Nc8+ Ka6 35. Qc4+ Qxc4+ 36. Kxc4 b5+ 37. Kc3 b6 38. Nd6 b4+ 39. axb4
axb4+ 40. Kxb4 Ka7 41. Kb5 Kb8 42. Kxb6 1-0

[Event "DVM U14 2014"]
[Site "Regensburg GER"]
[Date "2014.12.30"]
[Round "7"]
[White "Zetto, Markus"]
[Black "Neumann, Theodor"]
[Result "0-1"]
[Termination "normal"]
[Board "9.4"]
[WhiteElo "1081"]
[BlackElo "1352"]
[WhiteTeam "SR Spaichingen"]
[BlackTeam "Gütersloher SV"]
[PlyCount "124"]
[WhiteFideId "16200861"]
[BlackFideId "16200799"]
[EventCountry "GER"]
[EventRounds "7"]
[EventType "team-swiss"]
[EventDate "2014.12.26"]

1. e4 {[%emt 0:00:00]} e5 {[%emt 0:00:00]} 2. Nf3 Nc6 3. Bc4 Be7 4. d4 exd4 5.
Nxd4 Nf6 6. O-O Nxd4 7. Qxd4 d6 8. Bg5 O-O 9. Nc3 Be6 10. Bb3 Nd7 11. Bxe7 Qxe7
12. Rfe1 Ne5 13. Nd5 Qd7 14. Qc3 Nc6 15. Rad1 f6 16. Qg3 Rac8 17. Re3 Qf7 18.
Rdd3 Ne5 19. Rc3 c6 20. Nf4 Bxb3 21. Rxb3 Rfe8 22. Nd3 Nc4 23. Re1 Qe7 24. Rc3
Nb6 25. b3 Nd7 26. f4 b5 27. Nb4 Nb8 28. Rce3 a5 29. Nd3 Nd7 30. e5 dxe5 31.
fxe5 fxe5 32. Nxe5 Nxe5 33. Rxe5 Qa7+ 34. Qf2 Qd7 35. Qc5 Rxe5 36. Qxe5 Rf8 37.
Qe6+ Qxe6 38. Rxe6 Rf6 39. Rxf6 gxf6 40. g4 Kf7 41. Kf2 Ke6 42. Ke3 Ke5 43. h3
c5 44. c4 b4 45. h4 h6 46. h5 f5 47. Kf3 fxg4+ 48. Kxg4 Ke4 49. Kh3 Kf3 50. Kh4
Kf4 51. Kh3 Kg5 52. Kg3 Kxh5 53. Kh3 Kg5 54. Kg3 h5 55. Kf3 h4 56. Kg2 Kg4 57.
Kf2 h3 58. Kg1 Kg3 59. Kh1 h2 60. a4 bxa3 61. b4 a2 62. bxa5 a1=Q# 0-1

[Event "DVM U14 2014"]
[Site "Regensburg GER"]
[Date "2014.12.30"]
[Round "7"]
[White "Kroschel, Anton"]
[Black "Kühner, Tobias"]
[Result "1/2-1/2"]
[Termination "normal"]
[Board "10.1"]
[WhiteElo "1658"]
[BlackElo "1737"]
[WhiteTeam "Lübecker SV"]
[BlackTeam "SK Bickenbach"]
[PlyCount "54"]
[WhiteFideId "12969834"]
[BlackFideId "12973815"]
[EventCountry "GER"]
[EventRounds "7"]
[EventType "team-swiss"]
[EventDate "2014.12.26"]

1. Nf3 d5 2. c4 c6 3. Qc2 e6 4. g3 Nf6 5. Bg2 g6 6. b3 Bg7 7. Bb2 O-O 8. O-O
Nbd7 9. d3 Re8 10. Ne5 Qc7 11. Nxd7 Bxd7 12. cxd5 exd5 13. e4 dxe4 14. dxe4
Rad8 15. Nc3 Qc8 16. Rfe1 Bh3 17. Rab1 Bxg2 18. Kxg2 Nd7 19. Na4 Bxb2 20. Nxb2
b6 21. f4 Nc5 22. b4 Ne6 23. Rbd1 c5 24. bxc5 Nxc5 25. Rxd8 Rxd8 26. Re2 Qe6
27. Na4 Nxa4 1/2-1/2